00234nam a2200097Ia 4500008004000000082001300040100002100053245001900074260003500093300000800128210210b1968 xxu||||| |||| 00| 0 eng d a170 WINS aWINTER (Gibson). aSocial ethics. aLondonbS C M Press Ltd.c1968 a266